00768cam a2200241 a 450000100040000000500170000400800410002102000250006204000180008705000230010508200120012810000210014024500590016125000120022026000510023230000570028350500060034052000890034652100180043552100180045365000220047170000330049348320230428123354.0920219s1994 caua j 000 1 eng  a0152896120 :c$13.95 aDLCcDLCdDLC00aPZ7.F8373bTo 199400a8232201 aFox, Mem,d1946-10aTough Boris /cMem Fox ; illustrated by Kathryn Brown. a1st ed. aSan Diego :bHarcourt Brace Jovanovich,c1994. a 16 leaves of plates :bcolor illustrations:c26 cm. aD aAlthough he is a very tough pirate, Boris von der Borch cries when his parrots dies. a260 bLexile aD bRaz-Plus 1aPiratesxFiction.1 aBrown, Kathryn,d1955-eill.